|
|
|
|
| LEADER |
00000nam a2200000 a 4500 |
| 001 |
vtls011634281 |
| 003 |
SK-MaSNL |
| 005 |
20260301043137.0 |
| 008 |
220509s2016 xo oda f n 100 0 slo |
| 015 |
|
|
|a SNBA2017/06
|
| 020 |
|
|
|a 9788080547011
|q (brož.)
|
| 035 |
|
|
|a urn:nbn:sk:snk-am00gjes
|
| 035 |
|
|
|a urn:nbn:sk:snk-am3j52x
|
| 035 |
|
|
|a 1C83A12B-5601-4916-810A-AD874552891F
|
| 040 |
|
|
|a SNK
|b slo
|c SNK
|e AACR2
|
| 041 |
0 |
|
|a slo
|a cze
|b eng
|
| 044 |
|
|
|a xo
|c SK
|
| 072 |
|
7 |
|a 796
|x Šport. Hry. Telesné cvičenia
|2 konspekt
|
| 080 |
|
|
|a 796.85
|2 2011
|
| 080 |
|
|
|a (062.534)
|2 2011
|
| 080 |
|
|
|a 796.015
|2 2011
|
| 080 |
|
|
|a 351.78:614.8
|2 2011
|
| 111 |
2 |
|
|a Sebaobrana a jej súčasné uplatňovanie v praxi
|n (1. :
|d 2016 :
|c Bratislava, Slovensko)
|9 347504
|
| 245 |
1 |
0 |
|a Sebaobrana a jej súčasné uplatňovanie v praxi
|b zborník príspevkov z vedeckej konferencie : vedecká konferencia s medzinárodnou účasťou organizovaná Katedrou telesnej výchovy a športu Akadémie Policajného zboru v Bratislave 24. mája 2016
|c zostavili: Jankovský, P., Macková, K.
|
| 250 |
|
|
|a 1. vyd.
|
| 260 |
|
|
|a Bratislava
|b Akadémia Policajného zboru, Katedra telesnej výchovy a športu
|c 2016
|
| 300 |
|
|
|a 197 s.
|b fotogr., grafy, tab.
|c 25 cm
|
| 366 |
|
|
|e 70 výtlačkov
|
| 504 |
|
|
|a Bibliografické odkazy
|
| 546 |
|
|
|a Anglické resumé ; čiastočný text v angličtine
|
| 650 |
0 |
7 |
|a sebaobrana
|2 SNKPH
|9 3274
|
| 650 |
0 |
7 |
|a Self-defence sport
|2 SNKPHeng
|9 347505
|
| 650 |
0 |
7 |
|a športový tréning
|2 SNKPH
|9 163263
|
| 650 |
0 |
7 |
|a Sports training
|2 SNKPHeng
|9 279248
|
| 650 |
0 |
7 |
|a osobná bezpečnosť
|2 SNKPH
|9 4159
|
| 650 |
0 |
7 |
|a Personal safety
|2 SNKPHeng
|9 275534
|
| 655 |
|
7 |
|a zborníky konferencií
|2 SNKPH
|9 70153
|
| 655 |
|
7 |
|a Proceedings of conferences
|2 SNKPHeng
|9 265791
|
| 700 |
1 |
|
|a Jankovský, Pavel
|4 com
|9 347506
|
| 700 |
1 |
|
|a Macková, Kristína
|4 com
|9 347507
|
| 919 |
|
|
|a 978-80-8054-701-1
|
| 958 |
|
|
|a NB
|
| 999 |
|
|
|c 592799
|d 594729
|
| 952 |
|
|
|a SNK
|b SNK
|y PREZ
|7 0
|p 17A1259991
|o snkSC 174911
|i snk2017/13020
|8 0
|0 0
|1 0
|4 0
|d 2017-06-05
|f 1
|l 0
|r 2025-09-16 00:00:00
|w 2026-02-23
|
| 952 |
|
|
|a SNK
|b SNK
|y VYP
|7 0
|p 17A1259992
|o snkSC 174911 D1
|i snk2017/13021
|8 0
|0 0
|1 0
|4 0
|d 2017-06-05
|l 0
|r 2026-02-23 15:29:42
|w 2026-02-23
|